000 00980nam a2200253 i 4500
001 181402
003 ES-MaACL
005 20250731070137.0
008 130114r20041945sp | |||| ||spa d
020 _a84-95418-45-2
080 _a821.134.2-3.09"19"
100 1 _aAub, Max,
_d1903-1972
_923783
245 1 0 _aDiscurso de la novela española contemporánea /
_c[Max Aub ; edición, introducción y notas de Francisco Caudet].
260 _a[Segorbe] :
_bFundación Max Aub,
_c2004.
300 _a191 p. :
_bil. ;
_c18 cm.
490 1 _aBiblioteca "Max Aub" ;
_v14
534 _pReprod. de la ed. de:
_cMéxico : El Colegio de México, 1945 (
_fJornadas ; 50)
650 0 4 _aNovela española-
_yS.XX-
_xHistoria y crítica
_915617
700 1 _aCaudet, Francisco,
_d1942-2021
_937104
830 0 _aBiblioteca "Max Aub" ;
_v14
_9191028
852 _aES-MaACL
_jA-12416
_9188302
_bR.148337
_cDEPO1
_dOlim: N-5421
942 _2udc
_cMONOGRAFIA
999 _c181402
_d181402